000 00987cam a22002771 4500
001 24827
003 BD-RjUL
005 20211209001113.0
008 140315r19491933enkabc b 001 0 eng d
035 _a(BD-RjUL) 24896
035 _a(OCoLC)2043440
040 _aDLC
_cFJUNF
_dBD-RjUL
_beng
041 _aeng
082 0 0 _a942.0690924
_bCHM 1949
100 1 _aChurchill, Winston S.,
_d1874-1965.
_976432
245 1 0 _aMarlborough : His life and times /
_nVolume -1
_pConsisting of volumes I and II of the original work
260 _aLondon ;
_aBombay [etc] :
_bG.G. Harrapand Co. Ltd.,
_c1933 [Reprinted 1949]
300 _a1049 p. :
_billus., ports., maps (part fold., part col.) ;
_c23 cm.
504 _aIncludes Bibliography and index.
600 1 0 _aMarlborough, John Churchill,
_cDuke of,
_d1650-1722
_976436
650 _aGreat Britain
_976434
651 0 _aGreat Britain
_xHistory
_y1660-1714.
_976405
942 _2ddc
_cBK
999 _c24827
_d24827